| 000 | 00535nam a2200097Ia 4500 | ||
|---|---|---|---|
| 008 | 170517s9999 xx 000 0 und d | ||
| 245 | _aBob Dylan: No Direction Home | ||
| 300 | _aWhen our foremost modern film director turns his sights on the great modern singer-songwriter, a definitive documentary is assured. Martin Scorsese's No Direction Home follows the early career of Bob Dylan, from his days as a fledgling folk singer to his burst of... | ||
| 650 | _xArt. | ||
| 856 | _uhttp://topdocumentaryfilms.com/bob-dylan-no-direction-home/ | ||
| 999 |
_c333120 _d333120 |
||